Online katalóg knižníc regiónu Turca

Večný Žid (Record no. 22665)

MARC details
000 -LEADER
fixed length control field 01300cam a2200397 a 4500
001 - CONTROL NUMBER
control field 22665
003 - CONTROL NUMBER IDENTIFIER
control field SK-KTurca
005 - DATE AND TIME OF LATEST TRANSACTION
control field 20260415141731.0
008 - FIXED-LENGTH DATA ELEMENTS--GENERAL INFORMATION
fixed length control field 220512s1991 xo g 0000f slo
015 ## - NATIONAL BIBLIOGRAPHY NUMBER
National bibliography number SNBA1991/12
020 ## - INTERNATIONAL STANDARD BOOK NUMBER
International Standard Book Number 8085286343
Qualifying information (súbor ;
-- viazané)
020 ## - INTERNATIONAL STANDARD BOOK NUMBER
International Standard Book Number 8085286351
Qualifying information (1.zväzok ;
-- viazané)
035 ## - SYSTEM CONTROL NUMBER
System control number BD44C41C-913C-4BAF-80C5-A5A3A9CC850A
035 ## - SYSTEM CONTROL NUMBER
System control number SNK000009167
035 ## - SYSTEM CONTROL NUMBER
System control number urn:nbn:sk:snk-am003tad
035 ## - SYSTEM CONTROL NUMBER
System control number urn:nbn:sk:snk-amkxw4
040 ## - CATALOGING SOURCE
Original cataloging agency SNK
Language of cataloging slo
Transcribing agency SNK
Description conventions AACR2
041 1# - LANGUAGE CODE
Language code of text/sound track or separate title slo
Language code of original fre
044 ## - COUNTRY OF PUBLISHING/PRODUCING ENTITY CODE
MARC country code xo
ISO country code SK
072 #7 - SUBJECT CATEGORY CODE
Subject category code 821.133.1-3
Subject category code subdivision Francúzska próza, francúzsky písaná
Source konspekt
080 ## - UNIVERSAL DECIMAL CLASSIFICATION NUMBER
Universal Decimal Classification number 840-3
Edition identifier 1981
080 ## - UNIVERSAL DECIMAL CLASSIFICATION NUMBER
Universal Decimal Classification number 821.133.1-31
Edition identifier 2011
080 ## - UNIVERSAL DECIMAL CLASSIFICATION NUMBER
Universal Decimal Classification number (0:82-311.6)
Edition identifier 2011
100 1# - MAIN ENTRY--PERSONAL NAME
Personal name Sue, Eugène,
Dates associated with a name 1804-1857
Relationship aut
240 13 - UNIFORM TITLE
Uniform title Le Juif errant
Language of a work Slovensky
245 10 - TITLE STATEMENT
Title Večný Žid
Number of part/section of a work 1
Statement of responsibility, etc. Eugène Sue ; z francúzskeho originálu Le Juif errant ... preložil Ján Žigo
250 ## - EDITION STATEMENT
Edition statement 2. vydanie
260 ## - PUBLICATION, DISTRIBUTION, ETC.
Place of publication, distribution, etc. Martin
Name of publisher, distributor, etc. MARTIS
Date of publication, distribution, etc. 1991
Place of manufacture Bratislava
Manufacturer Danubiaprint
300 ## - PHYSICAL DESCRIPTION
Extent 499 strán
Dimensions 21 cm
655 #7 - INDEX TERM--GENRE/FORM
Genre/form data or focus term francúzske romány
Source of term SNKPH
655 #7 - INDEX TERM--GENRE/FORM
Genre/form data or focus term historické romány
Source of term SNKPH
655 #7 - INDEX TERM--GENRE/FORM
Genre/form data or focus term French fiction
Source of term SNKPHeng
655 #7 - INDEX TERM--GENRE/FORM
Genre/form data or focus term Historical novels
Source of term SNKPHeng
700 1# - ADDED ENTRY--PERSONAL NAME
Personal name Žigo, Ján,
Dates associated with a name 1915-1995
Relationship trl
942 ## - ADDED ENTRY ELEMENTS (KOHA)
Source of classification or shelving scheme Dewey Decimal Classification
Koha item type Krásna literatúra pre dospelých
Suppress in OPAC No
Holdings
Stav vyradenia Strata Poškodenie Spôsob nadobudnutia Domovská knižnica Aktuálna knižnica Dátum nadobudnutia Total checkouts Čiarový kód exemplára Date last seen Typ exemplára Verejná poznámka
      Dar Obecná knižnica Horná Štubňa Obecná knižnica Horná Štubňa 15.04.2026   4736202216 15.04.2026 Krásna literatúra pre dospelých 1. diel
Projekt je podporený Slovenskou asociáciou knižníc
Prevádzkuje Turčianska knižnica Martin 2026